| 000 | 00479nam a22001577a 4500 | ||
|---|---|---|---|
| 003 | SGT | ||
| 020 | _a9789384277185 | ||
| 082 |
_a610.01 _bR21W |
||
| 100 | _aWANI, BILAL AHMED | ||
| 245 | _aBASICS OF RESEARCH METHODOLOGY & MEDICAL STATISTICS | ||
| 260 |
_aJAIPUR _bAYURVEDA SANSKRIT HINDI PUSHTAK BHANDAR _c2021 |
||
| 300 | _a462 | ||
| 650 | _aRESEARCH METHODOLOGY | ||
| 653 | _aBASICS RESEARCH. RESEARCH METHOD, RESEARCH STATISTICS , MEDICAL STATISTICS | ||
| 942 |
_2ddc _cBK _032 |
||
| 999 |
_c22609 _d22609 |
||